| 000 | 00617nam a2200193Ia 4500 | ||
|---|---|---|---|
| 003 | SISC | ||
| 005 | 20170308110551.0 | ||
| 008 | 140527s9999 xx 000 0 und d | ||
| 020 | _a9780071793209 | ||
| 050 |
_aHF 5415.5 _b.G356 2012 |
||
| 100 | _aGallo, Carmine. | ||
| 245 | 4 |
_aThe Apple experience : _bsecrets to building insanely great customer loyalty / _cCarmine Gallo. |
|
| 260 |
_aNew York : _bMcGraw-Hill, _c2012. |
||
| 300 |
_a234 pages : _billustrations ; _c23 cm. |
||
| 500 | _aIncludes bibliographical references and index. | ||
| 650 | _aCreative thinking. | ||
| 942 |
_kFOR _cBK _2lcc |
||
| 999 |
_c117477 _d117477 |
||